000
00253nam a22001217a 4500
041
_a
ENG
100
_a
Zukowski J
245
_a
Mastering Java 2
260
_a
Delhi
_b
BPB Publications
_c
2000
300
_a
1244
650
_a
Computer
856
_u
Computer
999
_c
757
_d
757